000 00574nam a2200169 4500
008 171214b xxu||||| |||| 00| 0 eng d
020 _a97789813076464
082 _21997
_aDC 004
_bT15c
100 _925246
_aTanenbaum, Andrew S.,author.
245 _aComputer networks /
_cAndrew S. Tanenbaum.
250 _aThird edition.
260 _aSingapore :
_bPrentice Hall International, Inc.,
_c©1997.
300 _axvii, 814 pages :
_billustrations ;
_c24 cm.
500 _aIncludes bibliographical references and index.
650 0 _925247
_aComputer networks
942 _2ddc
_cDC
999 _c8155
_d8155